000
00305nam a2200133Ia 4500
005
20251222142028.0
008
251222s9999||||xx |||||||||||||| ||spa||
020
_a
84-206-9610-2
082
_a
940.1/L39
100
_a
Le Goff, Jacques
245
0
_a
El Hombre Medieval
264
_b
Alianza
942
_c
LIB
999
_c
10863
_d
10863